| 000 | 01520nam a2200277 i 4500 | ||
|---|---|---|---|
| 001 | 166596 | ||
| 003 | ES-MaACL | ||
| 005 | 20250728063135.0 | ||
| 008 | 931025s1784 sp |||| | spa d | ||
| 100 | 1 |
_9241410 _aBranchát, Vicente, _d-1791 _eaut |
|
| 245 | 1 | 0 |
_aTratado de los derechos y regalias que corresponden al Real Patrimonio en el Reyno de Valencia y de la jurisdiccion del Intendente como subrogado en lugar del antiguo Bayle General / _cpor Don Vicente Branchát |
| 246 | _aTratado de los derechos y regalías que corresponden al Real Patrimonio en el Reyno de Valencia y de la jurisdicción del intendente como subrogado en lugar del antiguo Bayle General | ||
| 260 |
_aValencia : _ben la Imprenta de Joseph y Tomas de Orga, _c1784 |
||
| 300 |
_a[8], XIV, 453, [1] en blanco, [4], CCLV, [5] páginas ; _cFol. |
||
| 505 | 8 | _aApéndice de documentos al Tratado : p. I- \RCXXXVI\R | |
| 530 | _aDisponible en formato digital. | ||
| 597 | _aSign.: [ ]4, A-Z4, 2A-2Z4, 3A-3Z,4, 4A-4X\p4\s, 4Y\p6\s. | ||
| 597 | _aAntep. | ||
| 597 | _aPort. con esc. xil. del Reino de Valencia. | ||
| 651 | 7 |
_aValencia (Reino)- _xAdministración _9152428 |
|
| 852 |
_aES-MaACL _cDEPO _dOlim: B-1490-92 _gEn anteport., ms. "Abril 1900 de la B. de Palacio" _hDonat. Biblioteca de Palacio _jR-132-34 _xHolandesa |
||
| 856 |
_uhttp://bivaldi.gva.es/es/consulta/registro.cmd?id=5083 _zBiblioteca Valenciana Digital |
||
| 942 |
_2udc _cMONANT _n0 |
||
| 999 |
_c166596 _d166596 |
||